Hechos, doctrinas sociales y liberación / Aldo J. Bünting, Carlos A. Bertone

Guardat en:
Dades bibliogràfiques
Autor principal: Bünting, Aldo J. (autor)
Altres autors: I. Bertone, Carlos A., coaut. (autor) (autor)
Format: Llibre
Matèries:
Etiquetes: Afegir etiqueta
Sense etiquetes, Sigues el primer a etiquetar aquest registre!

MARC

LEADER 00000nam^a2200000^u^4500
001 000551512
005 20250521000000.0
008 060220s1000^^^^^^^^^^^^r^^^^^000^0^spa^d
009 20260310131556.273
035 |a FMI 000021296 
037 |a Acervo Xavier Clavigero 
096 |a 5.7.5/3/C 
100 |a Bünting, Aldo J.  |e (autor) 
245 1 0 |a Hechos, doctrinas sociales y liberación / Aldo J. Bünting, Carlos A. Bertone 
264 |a Buenos Aires : Guadalupe, 1971 
300 |a 275 p. 
336 |a texto  |b txt  |2 rdacontenido 
337 |a sin mediación  |b n  |2 rdamedio 
338 |a volumen  |b nc  |2 rdasoporte 
597 |a "Ensayo de exposición sistemática del Magisterio Social de la Iglesia en su contexto sociológico e ideológico" 
649 |a XX 
650 |a Doctrina Social Católica 
700 |a I. Bertone, Carlos A., coaut.  |e (autor) 
910 |a Fondo Francisco Migoya Covarrubias S.J. 
920 |a Impresos - Libros 
930 |a Fondos Especiales 
905 |a 134 
901 |a SBC09127  |b IT2  |c ESP  |u 20250521 
902 |a https://opac.biblio.iteso.mx/vufind/Record/000551512